[Event "Regionalliga SW 9697"]
[Site "Bayern"]
[Date "1997.??.??"]
[Round "?"]
[White "Bergmueller, Horst"]
[Black "Schmidt, Thomas3333"]
[Result "1-0"]
[WhiteElo "1815"]
[BlackElo "1715"]
[PlyCount "61"]
[EventDate "1996.10.??"]
[EventType "team-tourn"]
[EventRounds "9"]
[EventCountry "GER"]
[SourceTitle "EXT 1999"]
[Source "ChessBase"]
[SourceDate "1998.11.16"]
[SourceVersion "1"]
[SourceVersionDate "1998.11.16"]
[SourceQuality "1"]
[WhiteTeam "Pasing II"]
[BlackTeam "Tuerkheim"]
[WhiteTeamCountry "GER"]
[BlackTeamCountry "GER"]

1. e4 d6 2. d4 Nf6 3. Nc3 c6 4. f4 Qa5 5. Bd2 e5 6. Nd5 Qd8 7. Nxf6+ Qxf6 8. dxe5 dxe5 9. Nf3 Nd7 10. Bc4 Bc5 11. f5 h6 12. g4 b5 13. Bb3 a5 14. a3 a4 15. Ba2 Qd6 16. Bc3 Qe7 17. Qd2 Bb7 18. 0-0-0 0-0-0 19. Ba5 Nb6 20. Qc3 Rxd1+ 21. Rxd1 Nd7 22. Kb1 Re8 23. g5 hxg5 24. Nxg5 Qxg5 25. Bxf7 Re7 26. Be6 Bd4 27. Qb4 Kb8 28. Qd6+ Ka7 29. Bxd7 Qf6 30. Be6 g6 31. Bd8 1-0